[Event "22. Torneo San Viator"]
[Site "Madrid ESP"]
[Date "2014.04.06"]
[Round "3.33"]
[White "Aranda Perez, Ivan"]
[Black "Perez Carballeira, Francisco"]
[Result "1/2-1/2"]
[WhiteElo "1440"]
[BlackElo "1606"]
[PlyCount "95"]
[EventDate "2014.03.23"]
[EventType "swiss"]
[EventRounds "9"]
[EventCountry "ESP"]
[SourceTitle "Ajedrez en Madrid"]
[Source "lmi"]
[SourceDate "2014.03.23"]
[SourceVersion "1"]
[SourceVersionDate "2014.07.21"]
[SourceQuality "1"]

1. e4 d5 2. exd5 Qxd5 3. Nc3 Qa5 4. d4 c6 5. Nf3 Bf5 6. Bd2 Qc7 7. Bc4 e6 8.
Nh4 Bg6 9. Nxg6 hxg6 10. g3 Nf6 11. Qe2 Be7 12. O-O-O Nbd7 13. f4 O-O-O 14. Bb3
Nb6 15. Be1 Nfd5 16. Nxd5 Nxd5 17. Bxd5 Rxd5 18. c4 Rd7 19. Qe5 Bf6 20. Qxc7+
Kxc7 21. Bc3 Rhd8 22. b3 Bxd4 23. Bxd4 Rxd4 24. Rxd4 Rxd4 25. Rd1 Rxd1+ 26.
Kxd1 Kd6 27. Kd2 f6 28. Kd3 f5 29. h4 e5 30. fxe5+ Kxe5 31. Ke3 c5 32. a3 a5
33. a4 b6 34. Kf3 Kd4 35. Kf4 Kc3 36. Kg5 Kxb3 37. Kxg6 Kxc4 38. Kxg7 Kb4 39.
h5 c4 40. h6 c3 41. h7 c2 42. h8=Q c1=Q 43. Qh4+ Kb3 44. Kf6 Qc8 45. Qf4 Qc5
46. Qe3+ Kxa4 47. Qf2 Qd4+ 48. Qxd4+ 1/2-1/2

[Event "22. Torneo San Viator"]
[Site "Madrid ESP"]
[Date "2014.04.06"]
[Round "3.34"]
[White "Del Noval Perez, Jeronimo"]
[Black "Ramos Pinto, Jose Maria"]
[Result "0-1"]
[WhiteElo "1413"]
[BlackElo "1599"]
[PlyCount "64"]
[EventDate "2014.03.23"]
[EventType "swiss"]
[EventRounds "9"]
[EventCountry "ESP"]
[SourceTitle "Ajedrez en Madrid"]
[Source "lmi"]
[SourceDate "2014.03.23"]
[SourceVersion "1"]
[SourceVersionDate "2014.07.21"]
[SourceQuality "1"]

1. e4 c5 2. Nf3 d6 3. d4 cxd4 4. Nxd4 Nf6 5. Nc3 a6 6. Bc4 e6 7. O-O Qc7 8. Bb3
Nc6 9. Nxc6 bxc6 10. Bg5 Be7 11. f4 h6 12. Bh4 O-O 13. Qf3 c5 14. e5 Bb7 15.
Qg3 Nd5 16. Nxd5 Bxd5 17. Bxd5 Bxh4 18. Qxh4 exd5 19. Qh5 dxe5 20. Rf3 exf4 21.
Qxd5 Rad8 22. Qf5 c4 23. Kf1 Rd4 24. c3 Rd2 25. Qxf4 Qxf4 26. Rxf4 Rxb2 27.
Rxc4 Re8 28. a4 Ree2 29. Rg4 Rf2+ 30. Kg1 f5 31. Rf1 Rxf1+ 32. Kxf1 fxg4 0-1

[Event "22. Torneo San Viator"]
[Site "Madrid ESP"]
[Date "2014.04.06"]
[Round "3.35"]
[White "Andres Rodriguez, Florencio"]
[Black "Del Noval Nemeshazi, Mario"]
[Result "1/2-1/2"]
[WhiteElo "1588"]
[BlackElo "1317"]
[PlyCount "51"]
[EventDate "2014.03.23"]
[EventType "swiss"]
[EventRounds "9"]
[EventCountry "ESP"]
[SourceTitle "Ajedrez en Madrid"]
[Source "lmi"]
[SourceDate "2014.03.23"]
[SourceVersion "1"]
[SourceVersionDate "2014.07.21"]
[SourceQuality "1"]

1. d4 Nf6 2. c4 g6 3. Nc3 Bg7 4. e4 d6 5. Nge2 O-O 6. f3 e5 7. d5 c5 8. g4 Qb6
9. Ng3 Bd7 10. Be2 a5 11. a4 Na6 12. O-O Nb4 13. Rb1 Rfc8 14. f4 h6 15. h3 Qd8
16. Kg2 Rc7 17. Rh1 Qc8 18. Bd2 b6 19. Qc1 Kh7 20. Qd1 Kg8 21. b3 Rb8 22. Rb2
Rcb7 23. Be1 Qe8 24. Qd2 Kh7 25. f5 g5 26. Qe3 1/2-1/2

[Event "22. Torneo San Viator"]
[Site "Madrid ESP"]
[Date "2014.04.06"]
[Round "3.36"]
[White "Estebanez Cuesta, Alfredo"]
[Black "Olias Ruiz, Enrique"]
[Result "1-0"]
[WhiteElo "1578"]
[BlackElo "1209"]
[PlyCount "57"]
[EventDate "2014.03.23"]
[EventType "swiss"]
[EventRounds "9"]
[EventCountry "ESP"]
[SourceTitle "Ajedrez en Madrid"]
[Source "lmi"]
[SourceDate "2014.03.23"]
[SourceVersion "1"]
[SourceVersionDate "2014.07.21"]
[SourceQuality "1"]

1. c4 e5 2. Nc3 Nf6 3. b3 Bc5 4. e3 Nc6 5. Bb2 d6 6. d3 a6 7. Nf3 O-O 8. Be2
Be6 9. O-O Ne7 10. Qc2 c6 11. Rad1 Qa5 12. Na4 Ba7 13. Bc3 Qc7 14. Ng5 Bf5 15.
e4 Bg6 16. d4 b5 17. Nb2 h6 18. Nf3 Bxe4 19. Qd2 Bb6 20. dxe5 dxe5 21. Bxe5 Qa7
22. Bxf6 Nf5 23. Qf4 Rfe8 24. Bd3 Bxd3 25. Nxd3 g6 26. Nh4 Kh7 27. Nxf5 gxf5
28. Qxf5+ Kg8 29. Qg4+ 1-0

[Event "22. Torneo San Viator"]
[Site "Madrid ESP"]
[Date "2014.04.06"]
[Round "3.38"]
[White "Enriquez Pastor, Jorge"]
[Black "Rufo Yebra, Benito"]
[Result "0-1"]
[WhiteElo "1401"]
[BlackElo "1572"]
[PlyCount "90"]
[EventDate "2014.03.23"]
[EventType "swiss"]
[EventRounds "9"]
[EventCountry "ESP"]
[SourceTitle "Ajedrez en Madrid"]
[Source "lmi"]
[SourceDate "2014.03.23"]
[SourceVersion "1"]
[SourceVersionDate "2014.07.21"]
[SourceQuality "1"]

1. e4 d6 2. d4 c6 3. Nf3 Bg4 4. Be2 h6 5. Nc3 Nd7 6. Be3 e6 7. Nd2 Bxe2 8. Qxe2
Be7 9. Nf3 Bf6 10. O-O Ne7 11. Rad1 Ng6 12. Qd2 Nh4 13. Nxh4 Bxh4 14. g3 Bg5
15. d5 cxd5 16. exd5 e5 17. Ne4 Be7 18. c4 b6 19. Qb4 Qc7 20. b3 f5 21. Nc3 O-O
22. f4 e4 23. Ne2 Bf6 24. Bd4 Nc5 25. Bxc5 bxc5 26. Qd2 Rfe8 27. Rfe1 a5 28.
Kg2 a4 29. Qc2 axb3 30. axb3 Ra3 31. Nc3 Qa5 32. Ne2 Qb4 33. Rb1 Rea8 34. Kf1
Ra2 35. Qd1 Rd2 36. Qc1 Raa2 37. Rd1 Rac2 38. Qxc2 Rxc2 39. h3 Rd2 40. Rdc1 Rd3
41. Rc2 Rxb3 42. Rxb3 Qxb3 43. Rc1 Qf3+ 44. Ke1 e3 45. Rb1 Qh1+ 0-1

[Event "22. Torneo San Viator"]
[Site "Madrid ESP"]
[Date "2014.04.06"]
[Round "3.41"]
[White "Munoz Cebey, Ricardo"]
[Black "Brasa Olmos, Joaquin"]
[Result "1-0"]
[WhiteElo "1878"]
[BlackElo "1532"]
[PlyCount "109"]
[EventDate "2014.03.23"]
[EventType "swiss"]
[EventRounds "9"]
[EventCountry "ESP"]
[SourceTitle "Ajedrez en Madrid"]
[Source "lmi"]
[SourceDate "2014.03.23"]
[SourceVersion "1"]
[SourceVersionDate "2014.07.21"]
[SourceQuality "1"]

1. c4 e5 2. Nc3 Bc5 3. g3 Nc6 4. Bg2 Nf6 5. e3 O-O 6. Nge2 Re8 7. d3 d6 8. O-O
Rb8 9. a3 a6 10. b4 Ba7 11. Bb2 Ne7 12. d4 exd4 13. exd4 c6 14. Nf4 Bg4 15. Qd2
Nf5 16. h3 Nxd4 17. hxg4 Nb3 18. Qd1 Nxa1 19. Bxa1 Qd7 20. g5 Ng4 21. Bh3 Re1
22. Qxe1 Re8 23. Bxg4 Qd8 24. Qd1 Qxg5 25. Bf3 Qxg3+ 26. Ng2 Qh3 27. Bg4 Qh6
28. Re1 Rf8 29. Ne4 f5 30. Qxd6 Bxf2+ 31. Kxf2 fxe4+ 32. Qxf8+ Kxf8 33. Rxe4
Qd2+ 34. Re2 Qg5 35. Bf3 h5 36. Re5 Qc1 37. Bxh5 Qd2+ 38. Re2 Qd7 39. Re8+ Qxe8
40. Bxe8 Kxe8 41. Bxg7 Kf7 42. Bd4 Ke6 43. Ke3 Kd6 44. Ke4 Ke6 45. Bb6 Kf6 46.
Nf4 Ke7 47. Ke5 Kd7 48. Ne6 Ke8 49. Nc5 Ke7 50. Nxb7 Kd7 51. Nc5+ Kc8 52. Kd6
Kb8 53. Kxc6 Kc8 54. b5 axb5 55. cxb5 1-0

[Event "22. Torneo San Viator"]
[Site "Madrid ESP"]
[Date "2014.04.06"]
[Round "3.42"]
[White "Porris Rebollar, Ivan"]
[Black "Lizon Martinez, Santiago"]
[Result "0-1"]
[WhiteElo "1529"]
[BlackElo "1804"]
[PlyCount "78"]
[EventDate "2014.03.23"]
[EventType "swiss"]
[EventRounds "9"]
[EventCountry "ESP"]
[SourceTitle "Ajedrez en Madrid"]
[Source "lmi"]
[SourceDate "2014.03.23"]
[SourceVersion "1"]
[SourceVersionDate "2014.07.21"]
[SourceQuality "1"]

1. d4 Nf6 2. Nf3 e6 3. e3 b6 4. Be2 Bb7 5. O-O d5 6. b3 Be7 7. Bb2 O-O 8. c4
Nbd7 9. Nbd2 Re8 10. Qc2 Rc8 11. Rfe1 c5 12. Rac1 Bf8 13. Bd3 h6 14. Qb1 a6 15.
a4 Bd6 16. cxd5 exd5 17. Ba3 Qe7 18. Qa2 Ne4 19. Rc2 Ndf6 20. h3 Nxd2 21. Nxd2
Ne4 22. Nxe4 dxe4 23. Bc4 cxd4 24. Bxd6 Qxd6 25. exd4 Qxd4 26. b4 Qf6 27. Rce2
Rc7 28. f3 Qd4+ 29. Kh1 Qxc4 30. Qb1 Rce7 31. Re3 Kf8 32. a5 b5 33. Rc1 Qd5 34.
Rc5 Qd2 35. Qb3 exf3 36. Rxf3 Bxf3 37. Qxf3 Re1+ 38. Kh2 Qd6+ 39. Qg3 Rh1+ 0-1

[Event "22. Torneo San Viator"]
[Site "Madrid ESP"]
[Date "2014.04.06"]
[Round "3.44"]
[White "Garcia Carcedo, Jesus"]
[Black "Valdes Sanchez, Jesus Manuel"]
[Result "0-1"]
[WhiteElo "1778"]
[BlackElo "1569"]
[PlyCount "86"]
[EventDate "2014.03.23"]
[EventType "swiss"]
[EventRounds "9"]
[EventCountry "ESP"]
[SourceTitle "Ajedrez en Madrid"]
[Source "lmi"]
[SourceDate "2014.03.23"]
[SourceVersion "1"]
[SourceVersionDate "2014.07.21"]
[SourceQuality "1"]

1. d4 d5 2. Nf3 Nf6 3. Bf4 g6 4. e3 Bg7 5. Bd3 c5 6. c3 b6 7. b3 Bb7 8. Nbd2
Nc6 9. Ne5 O-O 10. h3 Rc8 11. O-O Nxe5 12. Bxe5 Ne8 13. Bxg7 Nxg7 14. Nf3 cxd4
15. cxd4 Qd6 16. Qd2 Qa3 17. Rfc1 Rxc1+ 18. Qxc1 Qxc1+ 19. Rxc1 Rc8 20. Rxc8+
Bxc8 21. Ne5 Kf8 22. Bb5 f6 23. Nd7+ Bxd7 24. Bxd7 e6 25. Kf1 Ke7 26. Bb5 Nf5
27. Ke2 e5 28. dxe5 fxe5 29. f3 d4 30. g4 Nxe3 31. Kd3 Nd5 32. Kc4 Nc3 33. Bc6
Kd6 34. Be4 b5+ 35. Kd3 Nxa2 36. g5 Nb4+ 37. Kd2 Nd5 38. h4 Nf4 39. Bb1 Kc5 40.
Be4 a5 41. Bc2 Kb4 42. Bd1 a4 43. bxa4 bxa4 0-1

[Event "22. Torneo San Viator"]
[Site "Madrid ESP"]
[Date "2014.04.06"]
[Round "3.45"]
[White "Gallego Romero, Manuel"]
[Black "Lopez Munoz, Pedro"]
[Result "1-0"]
[WhiteElo "1531"]
[BlackElo "1699"]
[PlyCount "119"]
[EventDate "2014.03.23"]
[EventType "swiss"]
[EventRounds "9"]
[EventCountry "ESP"]
[SourceTitle "Ajedrez en Madrid"]
[Source "lmi"]
[SourceDate "2014.03.23"]
[SourceVersion "1"]
[SourceVersionDate "2014.07.21"]
[SourceQuality "1"]

1. e4 e6 2. d4 d5 3. Nc3 Nf6 4. e5 Nfd7 5. f4 c5 6. Nf3 Nc6 7. Ne2 Qb6 8. c3
Be7 9. Ng3 O-O 10. Rb1 cxd4 11. cxd4 Bb4+ 12. Kf2 f6 13. Be3 fxe5 14. fxe5 Qd8
15. Be2 Qh4 16. Qd3 Ndxe5 17. dxe5 d4 18. Bd2 Bxd2 19. Qxd2 Nxe5 20. Rhf1 Qxh2
21. Qg5 Nxf3 22. Bxf3 h6 23. Qe5 Qh4 24. Kg1 Qf6 25. Rbe1 a5 26. Nh5 Qxe5 27.
Rxe5 Ra6 28. Rd1 Rd8 29. Nf4 a4 30. a3 Rad6 31. Nd3 b6 32. Bh5 Ba6 33. Bg6 Rc8
34. Rd2 Bxd3 35. Bxd3 Rc5 36. Rxc5 bxc5 37. Bb5 e5 38. Bxa4 e4 39. Bb3+ Kh8 40.
Kf1 Rb6 41. Bd5 e3 42. Re2 g5 43. Bc4 h5 44. g3 Kg7 45. b3 Rf6+ 46. Kg2 h4 47.
a4 hxg3 48. Kxg3 Rf8 49. Kg4 Rf6 50. Bd3 Rb6 51. Bc4 Kf6 52. a5 Rd6 53. Bd3 Rd7
54. a6 Ra7 55. Rh2 Ke5 56. Rh5 Kd6 57. Rxg5 Kc6 58. Rg6+ Kd5 59. Bc4+ Ke4 60.
Re6# 1-0

[Event "22. Torneo San Viator"]
[Site "Madrid ESP"]
[Date "2014.04.06"]
[Round "3.47"]
[White "Vicioso Barbadillo, Juan J"]
[Black "Moreno Sanchez, Guillermo"]
[Result "0-1"]
[WhiteElo "1399"]
[BlackElo "1620"]
[PlyCount "74"]
[EventDate "2014.03.23"]
[EventType "swiss"]
[EventRounds "9"]
[EventCountry "ESP"]
[SourceTitle "Ajedrez en Madrid"]
[Source "lmi"]
[SourceDate "2014.03.23"]
[SourceVersion "1"]
[SourceVersionDate "2014.07.21"]
[SourceQuality "1"]

1. e4 c5 2. Nf3 d6 3. d4 cxd4 4. Nxd4 Nf6 5. Bd3 a6 6. Nc3 e6 7. a3 Be7 8. Be3
Nbd7 9. Nb3 b5 10. f4 Bb7 11. h4 Ng8 12. Qg4 g6 13. O-O-O f5 14. exf5 Nh6 15.
Qg3 Nxf5 16. Bxf5 exf5 17. Qf2 Qc7 18. Qd2 O-O-O 19. Nd5 Bxd5 20. Qxd5 Kb8 21.
Qd4 Rhe8 22. Qb4 Rc8 23. Rd2 Bf8 24. Bd4 Re4 25. g3 d5 26. Nc5 Bxc5 27. Bxc5
Rxb4 28. Bxb4 a5 29. Bxa5 Qxa5 30. Rxd5 Nf6 31. Rd2 Ne4 32. Rg2 Rd8 33. Rd1
Rxd1+ 34. Kxd1 Qd8+ 35. Kc1 Qd5 36. b3 Qd4 37. Re2 Qa1# 0-1

[Event "22. Torneo San Viator"]
[Site "Madrid ESP"]
[Date "2014.04.06"]
[Round "3.49"]
[White "Trapero Bueno, Vicente"]
[Black "Mateos Cordero, Francisco"]
[Result "0-1"]
[WhiteElo "1188"]
[BlackElo "1597"]
[PlyCount "45"]
[EventDate "2014.03.23"]
[EventType "swiss"]
[EventRounds "9"]
[EventCountry "ESP"]
[SourceTitle "Ajedrez en Madrid"]
[Source "lmi"]
[SourceDate "2014.03.23"]
[SourceVersion "1"]
[SourceVersionDate "2014.07.21"]
[SourceQuality "1"]

1. d4 d5 2. c4 c6 3. Nf3 Nf6 4. e3 e6 5. Nc3 Nbd7 6. Bd3 dxc4 7. Bxc4 b5 8. Bd3
Bb7 9. O-O a6 10. e4 Be7 11. e5 Nd5 12. Re1 c5 13. a3 cxd4 14. Nxd4 Nxc3 15.
bxc3 Qc7 16. Nf3 Qxc3 17. Qd2 Qxa1 18. Bb2 Qa2 19. Be4 Bxe4 20. Rxe4 Rd8 21.
Qc3 O-O 22. Bc1 Rc8 23. Qe3 0-1

[Event "22. Torneo San Viator"]
[Site "Madrid ESP"]
[Date "2014.04.06"]
[Round "3.51"]
[White "Diaz Del Prado, Carlos"]
[Black "Alonso Penalver, Angel"]
[Result "0-1"]
[WhiteElo "1224"]
[BlackElo "1748"]
[PlyCount "72"]
[EventDate "2014.03.23"]
[EventType "swiss"]
[EventRounds "9"]
[EventCountry "ESP"]
[SourceTitle "Ajedrez en Madrid"]
[Source "lmi"]
[SourceDate "2014.03.23"]
[SourceVersion "1"]
[SourceVersionDate "2014.07.21"]
[SourceQuality "1"]

1. b3 e5 2. Bb2 Nc6 3. e3 d5 4. Bb5 Bd6 5. Nc3 Be6 6. d3 Nge7 7. Nge2 a6 8.
Bxc6+ Nxc6 9. Qd2 Qe7 10. O-O-O Bb4 11. f4 d4 12. exd4 exd4 13. Rhe1 dxc3 14.
Nxc3 g6 15. g4 f5 16. Rxe6 Qxe6 17. Re1 Qxe1+ 18. Qxe1+ Kd7 19. a3 Rae8 20. Qg3
Bxc3 21. Bxc3 Rhf8 22. Kb2 Kc8 23. Qh3 fxg4 24. Qxh7 Rxf4 25. Qxg6 Ref8 26.
Qe6+ Kb8 27. Be5 Nxe5 28. Qxe5 Rf2 29. Qg3 R8f4 30. h3 gxh3 31. Qxh3 R2f3 32.
Qd7 Rf7 33. Qd4 Rf8 34. Qc3 Re8 35. a4 Re6 36. Qd2 Re2 0-1

[Event "22. Torneo San Viator"]
[Site "Madrid ESP"]
[Date "2014.04.13"]
[Round "4.1"]
[White "Alonso Pardo, Daniel"]
[Black "Elissalt Cardenas, Hector"]
[Result "0-1"]
[WhiteElo "1552"]
[BlackElo "2369"]
[PlyCount "39"]
[EventDate "2014.03.23"]
[EventType "swiss"]
[EventRounds "9"]
[EventCountry "ESP"]
[SourceTitle "Ajedrez en Madrid"]
[Source "lmi"]
[SourceDate "2014.03.23"]
[SourceVersion "1"]
[SourceVersionDate "2014.07.21"]
[SourceQuality "1"]

1. d4 Nf6 2. Nc3 c5 3. d5 e6 4. dxe6 fxe6 5. Bg5 d5 6. e3 Nc6 7. Nf3 Be7 8. a3
a6 9. Ne2 e5 10. c3 O-O 11. g3 Ng4 12. Bxe7 Nxe7 13. Bg2 e4 14. Nf4 exf3 15.
Bxf3 Ne5 16. Bxd5+ Nxd5 17. Nxd5 Bg4 18. Qb3 c4 19. Qxb7 Rf7 20. Qb6 0-1

[Event "22. Torneo San Viator"]
[Site "Madrid ESP"]
[Date "2014.04.13"]
[Round "4.2"]
[White "Renteria, Jorge"]
[Black "Osorio Ramos, Francisco"]
[Result "1/2-1/2"]
[WhiteElo "2299"]
[BlackElo "1786"]
[PlyCount "100"]
[EventDate "2014.03.23"]
[EventType "swiss"]
[EventRounds "9"]
[EventCountry "ESP"]
[SourceTitle "Ajedrez en Madrid"]
[Source "lmi"]
[SourceDate "2014.03.23"]
[SourceVersion "1"]
[SourceVersionDate "2014.07.21"]
[SourceQuality "1"]

1. e4 c5 2. Nf3 d6 3. d4 cxd4 4. Qxd4 Nc6 5. Bb5 Bd7 6. Bxc6 Bxc6 7. Nc3 h6 8.
Qd3 e6 9. Bf4 Nf6 10. O-O-O e5 11. Bg3 a6 12. Rhe1 Be7 13. Nd2 b5 14. Kb1 O-O
15. Bh4 g5 16. Bg3 b4 17. Nd5 Nxd5 18. exd5 Bb5 19. Qb3 a5 20. f3 Qc7 21. Rc1
Rab8 22. Bf2 Rfc8 23. h4 Bc4 24. Nxc4 Qxc4 25. Qxc4 Rxc4 26. b3 Rc7 27. hxg5
Bxg5 28. Rcd1 Rbc8 29. Re2 Rb7 30. Kb2 f5 31. Rd3 Bf6 32. Kb1 Rb5 33. Be3 Bg5
34. f4 e4 35. Rd1 Bf6 36. a4 bxa3 37. Ka2 Bb2 38. c4 Rb7 39. Rc2 Rcb8 40. c5
dxc5 41. d6 Rxb3 42. d7 Bf6 43. Bxc5 Rb2+ 44. Rxb2 axb2 45. Kb1 Bd8 46. Rd6 Rb7
47. Ba3 Kf7 48. Rd5 Ke6 49. Rd6+ Kf7 50. Rd5 Ke6 1/2-1/2

[Event "22. Torneo San Viator"]
[Site "Madrid ESP"]
[Date "2014.04.13"]
[Round "4.3"]
[White "Aziz Ortego, Omar Luis"]
[Black "Medrano Del Val, Julio"]
[Result "1-0"]
[WhiteElo "2107"]
[BlackElo "1794"]
[PlyCount "45"]
[EventDate "2014.03.23"]
[EventType "swiss"]
[EventRounds "9"]
[EventCountry "ESP"]
[SourceTitle "Ajedrez en Madrid"]
[Source "lmi"]
[SourceDate "2014.03.23"]
[SourceVersion "1"]
[SourceVersionDate "2014.07.21"]
[SourceQuality "1"]

1. e4 g6 2. c4 Bg7 3. Nc3 d6 4. d4 Nf6 5. Bg5 Nc6 6. d5 Ne5 7. h3 c6 8. Rc1 O-O
9. g4 Ned7 10. Nge2 Ne5 11. Ng3 h6 12. Be3 Kh7 13. f4 Ned7 14. Bd3 e5 15. dxe6
fxe6 16. h4 Nc5 17. Bxc5 dxc5 18. e5 Ng8 19. h5 Rxf4 20. Bxg6+ Kh8 21. Qxd8
Bxe5 22. Nce4 Bxb2 23. Qc7 1-0

[Event "22. Torneo San Viator"]
[Site "Madrid ESP"]
[Date "2014.04.13"]
[Round "4.4"]
[White "Garcia-Ruiz Fuentes, Angel M"]
[Black "Sanchez Rodenas, Jose Antonio"]
[Result "1-0"]
[WhiteElo "2025"]
[BlackElo "1738"]
[PlyCount "111"]
[EventDate "2014.03.23"]
[EventType "swiss"]
[EventRounds "9"]
[EventCountry "ESP"]
[SourceTitle "Ajedrez en Madrid"]
[Source "lmi"]
[SourceDate "2014.03.23"]
[SourceVersion "1"]
[SourceVersionDate "2014.07.21"]
[SourceQuality "1"]

1. e4 c6 2. d4 d5 3. exd5 cxd5 4. Bd3 Nf6 5. c3 Nc6 6. Bf4 e6 7. Nf3 Bd6 8.
Bxd6 Qxd6 9. O-O O-O 10. Re1 Re8 11. Ne5 Qc7 12. f4 Ne7 13. Nd2 Ng6 14. Qf3 Bd7
15. Qe3 Bc6 16. Ndf3 Ne4 17. Nxc6 bxc6 18. Bxe4 dxe4 19. Qxe4 Nxf4 20. Ne5 Nd5
21. c4 f6 22. Nd3 Nb6 23. b3 Rad8 24. Rad1 Nd7 25. Qg4 e5 26. dxe5 Nxe5 27.
Nxe5 Rxd1 28. Rxd1 Qxe5 29. Qd4 Qxd4+ 30. Rxd4 Re7 31. Kf2 Kf7 32. Rd6 Re6 33.
Rd7+ Re7 34. Rd8 Ke6 35. Kf3 Rd7 36. Re8+ Kd6 37. Rh8 g6 38. g4 Ke5 39. Re8+
Kd6 40. h4 Re7 41. Rf8 Ke6 42. h5 gxh5 43. gxh5 Rg7 44. Re8+ Kd6 45. Rh8 Ke6
46. Kf4 Rd7 47. Re8+ Re7 48. Rxe7+ Kxe7 49. b4 Ke6 50. a4 a6 51. b5 cxb5 52.
cxb5 axb5 53. axb5 Kd5 54. Kf5 Kc5 55. Kxf6 Kxb5 56. Kg7 1-0

[Event "22. Torneo San Viator"]
[Site "Madrid ESP"]
[Date "2014.04.13"]
[Round "4.5"]
[White "Rodriguez Bittar, Karim Javier"]
[Black "Del Noval Nemeshazi, Nesztor"]
[Result "1-0"]
[WhiteElo "1787"]
[BlackElo "1430"]
[PlyCount "57"]
[EventDate "2014.03.23"]
[EventType "swiss"]
[EventRounds "9"]
[EventCountry "ESP"]
[SourceTitle "Ajedrez en Madrid"]
[Source "lmi"]
[SourceDate "2014.03.23"]
[SourceVersion "1"]
[SourceVersionDate "2014.07.21"]
[SourceQuality "1"]

1. e4 c5 2. Nc3 d6 3. g3 Nc6 4. Bg2 g6 5. Nge2 Bg7 6. d3 Nf6 7. O-O O-O 8. h3
a6 9. f4 Ne8 10. f5 Nc7 11. Bg5 h6 12. Be3 Nd4 13. g4 g5 14. Ng3 Bd7 15. Nh5 f6
16. Qd2 Nc6 17. Ne2 Bh8 18. h4 Be8 19. Neg3 Ne5 20. hxg5 fxg5 21. Bxg5 hxg5 22.
Qxg5+ Kf7 23. Qh6 Rg8 24. g5 Bg7 25. Nxg7 Rxg7 26. f6 exf6 27. Rxf6+ Kg8 28.
Nf5 Rd7 29. Rf8# 1-0

[Event "22. Torneo San Viator"]
[Site "Madrid ESP"]
[Date "2014.04.13"]
[Round "4.6"]
[White "Santos Burkholz, Mario"]
[Black "Algaba Traspuesto, Jose Antoni"]
[Result "0-1"]
[WhiteElo "1424"]
[BlackElo "1747"]
[PlyCount "56"]
[EventDate "2014.03.23"]
[EventType "swiss"]
[EventRounds "9"]
[EventCountry "ESP"]
[SourceTitle "Ajedrez en Madrid"]
[Source "lmi"]
[SourceDate "2014.03.23"]
[SourceVersion "1"]
[SourceVersionDate "2014.07.21"]
[SourceQuality "1"]

1. Nf3 Nf6 2. g3 g5 3. Bg2 Bg7 4. d3 d5 5. Nbd2 O-O 6. O-O c6 7. Qe1 Re8 8. e4
e5 9. b3 b6 10. Bb2 Nbd7 11. Nxg5 h6 12. Nh3 Ba6 13. f3 Qe7 14. Rf2 Qc5 15. Rc1
Rad8 16. f4 Ng4 17. d4 exd4 18. Ba1 Nxf2 19. Nxf2 Qa5 20. a4 dxe4 21. Nf1 Qxe1
22. Rxe1 e3 23. Nd3 c5 24. Bf3 Nf6 25. g4 Ne4 26. Ng3 Nf2 27. Nxf2 exf2+ 28.
Kxf2 Rxe1 0-1

[Event "22. Torneo San Viator"]
[Site "Madrid ESP"]
[Date "2014.04.13"]
[Round "4.7"]
[White "Garcia-Osorio Prado, Miguel A"]
[Black "Barragan Arriaza, Pablo"]
[Result "1/2-1/2"]
[WhiteElo "1742"]
[BlackElo "1361"]
[PlyCount "114"]
[EventDate "2014.03.23"]
[EventType "swiss"]
[EventRounds "9"]
[EventCountry "ESP"]
[SourceTitle "Ajedrez en Madrid"]
[Source "lmi"]
[SourceDate "2014.03.23"]
[SourceVersion "1"]
[SourceVersionDate "2014.07.21"]
[SourceQuality "1"]

1. d4 d5 2. c4 c6 3. e3 Nf6 4. Nc3 Bf5 5. Nf3 e6 6. Bd3 Bxd3 7. Qxd3 Bd6 8. O-O
O-O 9. e4 dxe4 10. Nxe4 Nxe4 11. Qxe4 Nd7 12. Re1 Nf6 13. Qc2 Qc7 14. h3 Rfe8
15. Bg5 Be7 16. Rad1 Rad8 17. a3 h6 18. Bh4 c5 19. Bxf6 Bxf6 20. d5 exd5 21.
Rxe8+ Rxe8 22. cxd5 Rd8 23. b3 Qd6 24. Qf5 Qd7 25. Qf4 Qd6 26. Qe3 a6 27. g4
Qe7 28. Qxe7 Bxe7 29. Ne5 Bf6 30. f4 g5 31. Kg2 gxf4 32. Nc4 b5 33. Na5 Bd4 34.
Nc6 Rd6 35. Kf3 Be3 36. Ke4 f6 37. Ne7+ Kh7 38. Nf5 Rd8 39. d6 Kg6 40. Ne7+ Kf7
41. Nc6 Rd7 42. Nb8 Rd8 43. Nxa6 Bd4 44. Kd5 f3 45. Nxc5 Bxc5 46. Kxc5 Ke6 47.
Re1+ Kf7 48. Kd5 Re8 49. Rf1 Re3 50. a4 Rxb3 51. axb5 Rxb5+ 52. Kc6 Rb3 53. d7
Rc3+ 54. Kd5 Rd3+ 55. Ke4 Rxd7 56. Rxf3 Kg6 57. Rf5 Re7+ 1/2-1/2

[Event "22. Torneo San Viator"]
[Site "Madrid ESP"]
[Date "2014.04.13"]
[Round "4.8"]
[White "Tsakas, Nikolaos"]
[Black "Bermejo Arruego, Luis"]
[Result "0-1"]
[WhiteElo "1738"]
[BlackElo "2175"]
[PlyCount "62"]
[EventDate "2014.03.23"]
[EventType "swiss"]
[EventRounds "9"]
[EventCountry "ESP"]
[SourceTitle "Ajedrez en Madrid"]
[Source "lmi"]
[SourceDate "2014.03.23"]
[SourceVersion "1"]
[SourceVersionDate "2014.07.21"]
[SourceQuality "1"]

1. e4 c5 2. Nf3 Nc6 3. Nc3 g6 4. d4 cxd4 5. Nxd4 Bg7 6. Be3 Nf6 7. f3 O-O 8.
Qd2 d5 9. Nxc6 bxc6 10. Bh6 Bxh6 11. Qxh6 dxe4 12. fxe4 Rb8 13. Bd3 Rxb2 14.
Qe3 Qa5 15. Qd2 Rd8 16. Nd1 Qxd2+ 17. Kxd2 Rb4 18. Ke3 Ng4+ 19. Ke2 c5 20. Ne3
Rbd4 21. Nc4 Be6 22. Na5 c4 23. Nc6 cxd3+ 24. cxd3 Rxd3 25. Nxd8 Rxd8 26. h3
Bc4+ 27. Kf3 Ne5+ 28. Kf4 f6 29. Rhd1 Rc8 30. a3 Bb3 31. Rac1 Rxc1 0-1

[Event "22. Torneo San Viator"]
[Site "Madrid ESP"]
[Date "2014.04.13"]
[Round "4.9"]
[White "Iturbide Arnedo, Oscar"]
[Black "Lacaci Otero, Ivan"]
[Result "1-0"]
[WhiteElo "2128"]
[BlackElo "1728"]
[PlyCount "99"]
[EventDate "2014.03.23"]
[EventType "swiss"]
[EventRounds "9"]
[EventCountry "ESP"]
[SourceTitle "Ajedrez en Madrid"]
[Source "lmi"]
[SourceDate "2014.03.23"]
[SourceVersion "1"]
[SourceVersionDate "2014.07.21"]
[SourceQuality "1"]

1. e4 c5 2. Nc3 d6 3. g3 Nf6 4. Bg2 Nc6 5. d3 g6 6. f4 Rb8 7. Nf3 Bg7 8. O-O
O-O 9. h3 Be6 10. g4 Kh8 11. f5 Bd7 12. Qe1 b5 13. Qh4 Ng8 14. fxg6 fxg6 15.
Ng5 Rxf1+ 16. Bxf1 Nh6 17. Qxh6 Bxh6 18. Nf7+ Kg7 19. Nxd8 Rxd8 20. g5 Bxg5 21.
Bxg5 h6 22. Be3 Rf8 23. Bg2 g5 24. a3 Ne5 25. Rf1 Rxf1+ 26. Kxf1 e6 27. Ne2 a5
28. Ng1 b4 29. Nf3 Ng6 30. e5 bxa3 31. bxa3 dxe5 32. Bxc5 Ba4 33. c4 Bc6 34.
Be3 e4 35. Nd4 Bd7 36. Bxe4 e5 37. Nf5+ Kf6 38. Nxh6 Bxh3+ 39. Kf2 Nf4 40. Bxf4
exf4 41. Kf3 Bf1 42. c5 Ke6 43. c6 a4 44. Kg4 Be2+ 45. Kxg5 f3 46. Ng4 Bd1 47.
Kf4 Kd6 48. Ke3 Be2 49. Nf2 Kc7 50. d4 1-0